| 000 | 01962cam a2200385Ia 4500 | ||
|---|---|---|---|
| 001 | 85528 | ||
| 005 | 20230410130733.0 | ||
| 008 | 081003s2008 ag aho b 001 0 spa d | ||
| 035 | _a(OCoLC)ocn260011419 | ||
| 040 |
_aU@S _bspa _cU@S |
||
| 020 | _a9789876290463 | ||
| 020 | _a9876290460 | ||
| 035 | _a(OCoLC)260011419 | ||
| 041 | 1 |
_aspa _heng |
|
| 043 | _ae-gx--- | ||
| 050 | 1 | 4 |
_aPN 5219 _bF919b 2008 |
| 049 | _aGRAL | ||
| 100 | 1 |
_aFritzsche, Peter, _d1959- |
|
| 245 | 1 | 0 |
_aBerlín 1900 : _bprensa, lectores, vida moderna / _cPeter Fritzsche ; traduccion, Silvia Jawerbaum y Julieta Barba. |
| 260 |
_aBuenos Aires : _bSiglo Veintiuno Editores Argentina, _c2008. |
||
| 300 |
_a292 p. : _bill., photgs., facsm. ; _c21 cm. |
||
| 440 | 0 |
_aColección Historia y cultura; _v15 |
|
| 500 | _aTraducido del idioma original: Reading Berlin 1900. | ||
| 504 | _aIncludes bibliographical referencias (p. [249]-284) and indexes | ||
| 505 | 0 | _aLa ciudad como texto: Textos urbanos-- La ciudad moderna-- Nota sobre la lectura de la ciudad-- Lectores metropolitanos: Noticias locales-- Uso de la ciudad-- La prensa de Berlín-- Fisonomía de la ciudad: Recolección de escombros-- Puntos de intercambio-- Vorstadt-- La ciudad como espectáculo: Exploración... en el diario-- Exploración... en la ciudad-- Nota sobre espectadores-- Una cuestión de curiosidad-- Textos ilegibles: La ciudad textual desordenada-- La ciudad fugitiva-- Líneas argumentales: La maquinaria del periódico-- La maquinaria de la ciudad-- Coreografía de la máquina y la masa-- Otros textos exploratorios. | |
| 651 | 0 |
_aBerlin (Germany) _xPress coverage. |
|
| 650 | 0 |
_aGerman newspapers _zGermany _zBerlin _xHistory. |
|
| 651 | 4 |
_aBerlín (Alemania) _xCobertura de prensa |
|
| 650 | 0 |
_aPeriodicos alemanes _zAlemania _zBerlín _xHistoria |
|
| 700 | 1 |
_aJawerbaum, Silvia, _etrad. |
|
| 700 | 1 |
_aBarba, Julieta, _etrad, |
|
| 942 |
_2lcc _cbk |
||
| 946 | _amjcruz | ||
| 994 |
_aC0 _bDRFGD |
||
| 999 |
_c79497 _d79497 |
||